000 01098nam a2200241Ia 4500
999 _c40415
_d40415
001 7023
003 GE_BSU
005 20231113154336.0
008 181216s1998||||ge |||||||||||||| ||geo||
040 _cGE_BSU
041 _ageo
080 _a82-93:821.111-31.3 ს-46
100 _aსვიფტი, ჯონათან
_920356
245 _aლემუელ გულივერის მოგზაურობა :
_bრომანი /
_cჯონათან სვიფტი ; ინგლ. თარგმნა მოსე ქარჩავამ ; რედ. ნინო დათიაშვილი.
264 _aთბილისი :
_bნაკადული,
_c1998.
300 _a367 გვ. ;
_c20 სმ.
541 _h8 ლ.
653 _aლემუელ გულივერის მოგზაურობა
653 _aრომანი
700 _aქარჩავა, მოსე
_eმთარგმნელი
_912679
700 _aდათიაშვილი, ნინო
_eრედაქტორი
_920357
942 _cBK
_2udc